Liste de 100 verbes portugais - Statistiques

Statistiques générales
  • Ce quiz a été pris 133 fois
  • Le résultat moyen est 27 sur 126
Statistiques - réponses
Hint Réponse % Correct
aider ajudar
91%
partir ir, partir
91%
aller ir
89%
aimer amar
86%
acheter comprar
86%
apprendre (recevoir la connaissance) aprender
83%
appeler chamar
80%
chanter cantar
71%
avoir ter
71%
arriver (à destination) chegar
63%
accepter aceitar
54%
attendre esperar
54%
avoir besoin precisar
51%
allumer acender
46%
apporter trazer
46%
continuer continuar
43%
courir correr
40%
apprendre (enseigner) ensinar
40%
payer pagar
40%
conduire conduzir
37%
couper cortar
37%
changer mudar
37%
choisir escolher
34%
pouvoir poder
34%
être ser
34%
faire fazer
31%
laver, nettoyer lavar, limpar
31%
lire ler
31%
manger comer
29%
compter contar
29%
dire dizer
29%
dormir dormir
29%
penser pensar
29%
savoir saber
29%
connaître conhecer
26%
donner dar
26%
jouer (un jeu) jogar
26%
casser partir
26%
perdre perder
26%
voir ver
26%
terminer acabar, concluir, terminar
23%
arriver (avoir lieu, se passer) acontecer
23%
chercher buscar
23%
commencer começar
23%
décider decidir
23%
finir terminar, acabar
23%
ouvrir abrir
20%
marcher andar
20%
comprendre compreender
20%
écouter escutar
20%
parler falar
20%
porter levar
20%
montrer mostrar
20%
préparer preparar
20%
venir vir
20%
croire acreditar
17%
laisser deixar
17%
entrer entrar
17%
prendre pegar
17%
recevoir receber
17%
toucher tocar
17%
éteindre (le feu) apagar
14%
pleurer chorar
14%
retrouver encontrar
14%
écrire escrever
14%
vouloir querer
14%
sortir sair
14%
vendre vender
14%
faire la cuisine cozinhar
11%
descendre descer
11%
exister existir
11%
expliquer explicar
11%
fermer fechar
11%
gagner ganhar
11%
entendre ouvir
11%
rester (continuer d’être) permanecer, ficar
11%
permettre permitir
11%
répondre responder
11%
ajouter acrescentar, aumentar
9%
tomber cair
9%
devoir dever
9%
envoyer enviar
9%
oublier esquecer
9%
regarder olhar
9%
demander pedir
9%
mettre pôr
9%
rire rir
9%
essayer tentar
9%
rendre tornar
9%
travailler trabalhar
9%
utiliser usar
9%
vivre viver
9%
trouver (par hasard, une solution, juger) achar
6%
s’endormir adormecer
6%
jouer (s´amuser) brincar
6%
se reposer descansar
6%
éteindre (lampe, machine, interrupteur) desligar
6%
se laver lavar-se
6%
rappeler lembrar
6%
arrêter prender
6%
goûter provar, saboriar
6%
voler roubar
6%
suivre seguir
6%
retourner | revenir voltar
6%
rentrer (à la maison) voltar (para casa)
6%
réussir (socialement) alcançar
3%
poser colocar
3%
jeter (à la poubelle) deitar
3%
tourner girar
3%
empêcher impedir
3%
refuser negar, recusar
3%
ressembler parecer
3%
reconnaître reconhecer
3%
répéter repetir
3%
s’asseoir sentar-se
3%
se réveiller acordar
0%
jeter (lancer) atirar
0%
(se) rencontrer (faire connaissance, se croiser en chemin avec une connaissance) deparar-se com
0%
garder manter
0%
tirer puxar
0%
se souvenir, se rappeler recordar
0%
tenir segurar
0%
rester (être en réserve) sobrar
0%
réussir (examen, activité) ter sucesso
0%
devenir tornar-se
0%
Aucun quiz correspondant
Distribution des résultats
% des personnes avec chaque résultat
Percentile par nombre de réponses
Votre historique - résultats
Vous n’avez pas pris ce quiz